01028nam a2200277 a 4500008004100000020001800041041000800059100002300067245008000090250001100170260003500181300001100216500011900227653001800346653001800364653002600382653003600408653004300444653003100487653004900518653002500567653003300592653003900625653003900664653004700703130729s2012 ag ||||| |||| 00| 0 spa d a9788415419464 aspa1 aDaugirdas, John T. aManual de tratamiento de la enfermedad renal crónica /cJohn T. Daugirdas a1a ed. aBarcelona:bLippincott;c2012. a638 p. aDaugirdas, J. T. (2012). Manual de tratamiento de la enfermedad renal crónica. (1a ed.). Barcelona : Lippincott. aFuncion renal aEpidemiologia aCribado y tratamiento aTabaquismo, abuso de sustancias aAdiposidad visceral y control del peso aIngesta de sodio y potasio aRestriccion de la ingesta de sodio y potasio aIngesta de proteinas aTrastornos minerales y oseos aRestriccion de proteinas y fosforo aAcido urico, fructosa y el riñon aProductos finales de la glucacion avanzada